| 000 | 00509nam a22001697a 4500 | ||
|---|---|---|---|
| 008 | 230410b |||||||| |||| 00| 0 eng d | ||
| 040 |
_aNational Science Library _cNational Science Library |
||
| 080 |
_a681.3.06:51(082) _bL9.1 |
||
| 245 | _aSurvey of mathematical programming | ||
| 260 |
_aNew York: _bNorth Holland Publishing Company, _c1979 |
||
| 300 | _a550p. | ||
| 500 | _aVol. 1 550p. Vol. 2; 560p. | ||
| 650 | _aManagement | ||
| 653 | _aSurvey | ||
| 700 | _aPrekopa, A (Ed.) | ||
| 942 |
_2udc _cREF |
||
| 999 |
_c20097 _d20097 |
||